<?xml version="1.0" encoding="UTF-8"?>
<record
    xmlns:xsi="http://www.w3.org/2001/XMLSchema-instance"
    xsi:schemaLocation="http://www.loc.gov/MARC21/slim http://www.loc.gov/standards/marcxml/schema/MARC21slim.xsd"
    xmlns="http://www.loc.gov/MARC21/slim">

  <leader>02615nam a22003017a 4500</leader>
  <controlfield tag="001">1575</controlfield>
  <controlfield tag="003">FISKH</controlfield>
  <controlfield tag="005">20251127112555.0</controlfield>
  <controlfield tag="008">230907b        cb ||||| |||| 00| 0 khr d</controlfield>
  <datafield tag="020" ind1=" " ind2=" ">
    <subfield code="a">9789996305832</subfield>
  </datafield>
  <datafield tag="040" ind1=" " ind2=" ">
    <subfield code="a">FISKH </subfield>
    <subfield code="b">eng</subfield>
    <subfield code="c">FISKH </subfield>
    <subfield code="d">FISKH </subfield>
  </datafield>
  <datafield tag="082" ind1=" " ind2=" ">
    <subfield code="a">333.72</subfield>
  </datafield>
  <datafield tag="100" ind1=" " ind2=" ">
    <subfield code="a">Tordjman, Nathalie </subfield>
  </datafield>
  <datafield tag="245" ind1=" " ind2=" ">
    <subfield code="a">&#x1792;&#x1793;&#x1792;&#x17B6;&#x1793;&#x1792;&#x1798;&#x17D2;&#x1798;&#x1787;&#x17B6;&#x178F;&#x17B7;&#x1793;&#x17C5;&#x1780;&#x1798;&#x17D2;&#x1796;&#x17BB;&#x1787;&#x17B6;&#x200B; / </subfield>
    <subfield code="b">&#x1787;&#x17B8;&#x179C;&#x17C8;&#x1785;&#x1798;&#x17D2;&#x179A;&#x17BB;&#x17C7;&#x178A;&#x17C2;&#x179B;&#x178F;&#x17D2;&#x179A;&#x17BC;&#x179C;&#x17A2;&#x1797;&#x17B7;&#x179A;&#x1780;&#x17D2;&#x179F; </subfield>
    <subfield code="c">&#x1793;&#x17B7;&#x1796;&#x1793;&#x17D2;&#x1792;&#x178A;&#x17C4;&#x1799; Nathalie Tordjman </subfield>
  </datafield>
  <datafield tag="250" ind1=" " ind2=" ">
    <subfield code="a">&#x1794;&#x17C4;&#x17C7;&#x1796;&#x17BB;&#x1798;&#x17D2;&#x1796;&#x179B;&#x17BE;&#x1780;&#x1791;&#x17B8;&#x17E3; &#x1798;&#x17B7;&#x1790;&#x17BB;&#x200B;&#x1793;&#x17B6;&#x200B; &#x17E2;&#x17E0;&#x17E2;&#x17E1;</subfield>
  </datafield>
  <datafield tag="260" ind1=" " ind2=" ">
    <subfield code="a">Phnom Penh : </subfield>
    <subfield code="b">Sipar, </subfield>
    <subfield code="c">2021.</subfield>
  </datafield>
  <datafield tag="300" ind1=" " ind2=" ">
    <subfield code="a">40 pages : </subfield>
    <subfield code="b">color illustrations ; </subfield>
    <subfield code="c">27 cm</subfield>
  </datafield>
  <datafield tag="490" ind1=" " ind2=" ">
    <subfield code="a">&#x1781;&#x17D2;&#x1789;&#x17BB;&#x17C6;&#x1785;&#x1784;&#x17CB;&#x178A;&#x17B9;&#x1784; </subfield>
  </datafield>
  <datafield tag="505" ind1=" " ind2=" ">
    <subfield code="a">Z

</subfield>
  </datafield>
  <datafield tag="520" ind1=" " ind2=" ">
    <subfield code="a">&#x1787;&#x17B8;&#x179C;&#x1785;&#x1798;&#x17D2;&#x179A;&#x17BB;&#x17C7;&#x1780;&#x1798;&#x17D2;&#x1796;&#x17BB;&#x1787;&#x17B6; &#x1782;&#x17BA;&#x1787;&#x17B6;&#x179F;&#x17C0;&#x179C;&#x1797;&#x17C5;&#x17AF;&#x1780;&#x179F;&#x17B6;&#x179A;&#x17A2;&#x17C6;&#x1796;&#x17B8;&#x1792;&#x1793;&#x1792;&#x17B6;&#x1793;&#x1792;&#x1798;&#x17D2;&#x1798;&#x1787;&#x17B6;&#x178F;&#x17B7;&#x1793;&#x17C5;&#x1780;&#x1798;&#x17D2;&#x1796;&#x17BB;&#x1787;&#x17B6; &#x178A;&#x17C2;&#x179B;&#x178F;&#x17D2;&#x179A;&#x17BC;&#x179C;&#x178F;&#x17C2;&#x1780;&#x17B6;&#x179A;&#x1796;&#x17B6;&#x179A;&#x17D4; &#x1798;&#x17B7;&#x178F;&#x17D2;&#x178F;&#x17A2;&#x17D2;&#x1793;&#x1780;&#x17A2;&#x17B6;&#x1793;&#x1793;&#x17B9;&#x1784;&#x179F;&#x17D2;&#x179C;&#x17C2;&#x1784;&#x1799;&#x179B;&#x17CB;&#x1796;&#x17B8;&#x1797;&#x17B6;&#x1796;&#x179F;&#x17C6;&#x1794;&#x17BC;&#x179A;&#x1794;&#x17C2;&#x1794;&#x1793;&#x17C3;&#x1794;&#x17D2;&#x179A;&#x1796;&#x17D0;&#x1793;&#x17D2;&#x1792;&#x17A2;&#x17C1;&#x1780;&#x17BC;&#x17A1;&#x17BC;&#x179F;&#x17CA;&#x17B8; &#x17E3; &#x1794;&#x17D2;&#x179A;&#x1797;&#x17C1;&#x1791;&#x1795;&#x17D2;&#x179F;&#x17C1;&#x1784;&#x17D7;&#x1782;&#x17D2;&#x1793;&#x17B6; &#x1796;&#x17D2;&#x179A;&#x17C3;&#x178A;&#x17B8;&#x1781;&#x17D2;&#x1796;&#x179F;&#x17CB; &#x1787;&#x17BD;&#x179A;&#x1797;&#x17D2;&#x1793;&#x17C6;&#x1780;&#x17D2;&#x179A;&#x179C;&#x17B6;&#x1789; &#x178A;&#x17B8;&#x179F;&#x17BE;&#x1798;&#x1793;&#x17C3;&#x179C;&#x17B6;&#x179B;&#x1791;&#x17C6;&#x1793;&#x17B6;&#x1794;&#x1780;&#x178E;&#x17D2;&#x178F;&#x17B6;&#x179B; &#x1791;&#x1793;&#x17D2;&#x179B;&#x17C1;&#x1798;&#x17C1;&#x1782;&#x1784;&#x17D2;&#x1782; &#x1793;&#x17B7;&#x1784;&#x1794;&#x17B9;&#x1784;&#x1791;&#x1793;&#x17D2;&#x179B;&#x17C1;&#x179F;&#x17B6;&#x1794; &#x1793;&#x17B7;&#x1784;&#x178F;&#x17C6;&#x1794;&#x1793;&#x17CB;&#x1780;&#x17B6;&#x179A;&#x1796;&#x17B6;&#x179A;&#x1786;&#x17D2;&#x1793;&#x17C1;&#x179A; &#x179C;&#x17B6;&#x179B;&#x1797;&#x1780;&#x17CB; &#x1796;&#x17D2;&#x179A;&#x17C3;&#x1780;&#x17C4;&#x1784;&#x1780;&#x17B6;&#x1784; &#x1793;&#x17B7;&#x1784;&#x1790;&#x17D2;&#x1798;&#x1794;&#x17C9;&#x1794;&#x17D2;&#x179A;&#x17C7;&#x1791;&#x17B9;&#x1780;&#x1795;&#x17D2;&#x1780;&#x17B6;&#x1790;&#x17D2;&#x1798;&#x17D4; &#x178F;&#x17B6;&#x1798;&#x179A;&#x1799;&#x17C8;&#x179A;&#x17BC;&#x1794;&#x1790;&#x178F; &#x179A;&#x17BC;&#x1794;&#x1797;&#x17B6;&#x1796;&#x1782;&#x17C6;&#x1793;&#x17BC;&#x179A; &#x1795;&#x17C2;&#x1793;&#x1791;&#x17B8; &#x1793;&#x17B7;&#x1784;&#x1782;&#x17D2;&#x179A;&#x17C4;&#x1784;&#x1780;&#x17B6;&#x179A;&#x178E;&#x17CD;&#x1787;&#x17B6;&#x1785;&#x17D2;&#x179A;&#x17BE;&#x1793; &#x179F;&#x17C0;&#x179C;&#x1797;&#x17C5;&#x1793;&#x17C1;&#x17C7;&#x1784;&#x17B6;&#x1799;&#x179F;&#x17D2;&#x179A;&#x17BD;&#x179B;&#x1799;&#x179B;&#x17CB;&#x17D4;</subfield>
  </datafield>
  <datafield tag="520" ind1=" " ind2=" ">
    <subfield code="a">Biodiversity of Cambodia is a documentary book about natural resources in Cambodia that has to be protected. The reader will discover the wealth of 3 different ecosystems: High land forest: Cardamoms Mountains, Wetland of the central plain: the Mekong and the Tonle Sap lac, and Coastal protected areas: Mangrove swamps and coral reef. Through many photos, illustrations, maps and schema, the book is easy to understand.</subfield>
  </datafield>
  <datafield tag="521" ind1="8" ind2=" ">
    <subfield code="a">1000
</subfield>
    <subfield code="b">Lexile estimate 
</subfield>
  </datafield>
  <datafield tag="521" ind1="8" ind2=" ">
    <subfield code="a">Z' 
</subfield>
    <subfield code="b">Raz-Plus 
</subfield>
  </datafield>
  <datafield tag="650" ind1=" " ind2=" ">
    <subfield code="a">&#x1787;&#x17B8;&#x179C;&#x17C8;&#x1785;&#x1798;&#x17D2;&#x179A;&#x17BB;&#x17C7; </subfield>
    <subfield code="v">&#x1792;&#x1793;&#x1792;&#x17B6;&#x1793;&#x1792;&#x1798;&#x17D2;&#x1798;&#x1787;&#x17B6;&#x178F;&#x17B7; </subfield>
    <subfield code="x">&#x1780;&#x17B6;&#x179A;&#x1780;&#x17B6;&#x179A;&#x1796;&#x17B6;&#x179A; </subfield>
  </datafield>
  <datafield tag="650" ind1=" " ind2=" ">
    <subfield code="a">Biodiversity </subfield>
    <subfield code="v">Natural Resource </subfield>
    <subfield code="x">Protection </subfield>
  </datafield>
  <datafield tag="700" ind1=" " ind2=" ">
    <subfield code="a">Ratha, Ouk </subfield>
    <subfield code="e">illustrator </subfield>
  </datafield>
  <datafield tag="942" ind1=" " ind2=" ">
    <subfield code="2">ddc</subfield>
    <subfield code="c">BK</subfield>
    <subfield code="n">0</subfield>
  </datafield>
  <datafield tag="999" ind1=" " ind2=" ">
    <subfield code="c">1575</subfield>
    <subfield code="d">1575</subfield>
  </datafield>
  <datafield tag="952" ind1=" " ind2=" ">
    <subfield code="0">0</subfield>
    <subfield code="1">0</subfield>
    <subfield code="2">ddc</subfield>
    <subfield code="4">0</subfield>
    <subfield code="7">0</subfield>
    <subfield code="8">KHMERNF</subfield>
    <subfield code="a">001</subfield>
    <subfield code="b">001</subfield>
    <subfield code="c">RHTK2</subfield>
    <subfield code="d">2023-09-07</subfield>
    <subfield code="l">1</subfield>
    <subfield code="o">TOR 333.72</subfield>
    <subfield code="p">2023-0524</subfield>
    <subfield code="r">2025-11-10 10:15:38</subfield>
    <subfield code="s">2024-12-03</subfield>
    <subfield code="t">1</subfield>
    <subfield code="w">2023-09-07</subfield>
    <subfield code="y">KHB</subfield>
  </datafield>
  <datafield tag="952" ind1=" " ind2=" ">
    <subfield code="0">0</subfield>
    <subfield code="1">0</subfield>
    <subfield code="2">ddc</subfield>
    <subfield code="4">0</subfield>
    <subfield code="7">0</subfield>
    <subfield code="8">KHMERNF</subfield>
    <subfield code="a">001</subfield>
    <subfield code="b">001</subfield>
    <subfield code="c">RHTK2</subfield>
    <subfield code="d">2023-09-07</subfield>
    <subfield code="l">0</subfield>
    <subfield code="o">TOR 333.72</subfield>
    <subfield code="p">2023-0525</subfield>
    <subfield code="r">2023-09-07 12:31:38</subfield>
    <subfield code="t">2</subfield>
    <subfield code="w">2023-09-07</subfield>
    <subfield code="y">KHB</subfield>
  </datafield>
  <datafield tag="952" ind1=" " ind2=" ">
    <subfield code="0">0</subfield>
    <subfield code="1">0</subfield>
    <subfield code="2">ddc</subfield>
    <subfield code="4">0</subfield>
    <subfield code="7">0</subfield>
    <subfield code="8">KHMERNF</subfield>
    <subfield code="a">002</subfield>
    <subfield code="b">002</subfield>
    <subfield code="c">SKB</subfield>
    <subfield code="d">2025-03-12</subfield>
    <subfield code="l">0</subfield>
    <subfield code="o">TOR 333.72</subfield>
    <subfield code="p">FISSE02388</subfield>
    <subfield code="r">2025-03-12 14:37:33</subfield>
    <subfield code="t">3</subfield>
    <subfield code="w">2025-03-12</subfield>
    <subfield code="y">KHB</subfield>
  </datafield>
  <datafield tag="952" ind1=" " ind2=" ">
    <subfield code="0">0</subfield>
    <subfield code="1">0</subfield>
    <subfield code="2">ddc</subfield>
    <subfield code="4">0</subfield>
    <subfield code="7">0</subfield>
    <subfield code="8">KHMERNF</subfield>
    <subfield code="a">002</subfield>
    <subfield code="b">002</subfield>
    <subfield code="c">SKB</subfield>
    <subfield code="d">2025-03-12</subfield>
    <subfield code="l">0</subfield>
    <subfield code="o">TOR 333.72</subfield>
    <subfield code="p">FISSE02387</subfield>
    <subfield code="r">2025-03-12 14:37:52</subfield>
    <subfield code="t">4</subfield>
    <subfield code="w">2025-03-12</subfield>
    <subfield code="y">KHB</subfield>
  </datafield>
  <datafield tag="952" ind1=" " ind2=" ">
    <subfield code="0">0</subfield>
    <subfield code="1">0</subfield>
    <subfield code="2">ddc</subfield>
    <subfield code="4">0</subfield>
    <subfield code="7">0</subfield>
    <subfield code="8">KHMERNF</subfield>
    <subfield code="a">002</subfield>
    <subfield code="b">002</subfield>
    <subfield code="c">SKB</subfield>
    <subfield code="d">2025-03-12</subfield>
    <subfield code="l">0</subfield>
    <subfield code="o">TOR 333.72</subfield>
    <subfield code="p">FIS05249</subfield>
    <subfield code="r">2025-03-12 14:38:51</subfield>
    <subfield code="t">5</subfield>
    <subfield code="w">2025-03-12</subfield>
    <subfield code="y">KHB</subfield>
  </datafield>
  <datafield tag="952" ind1=" " ind2=" ">
    <subfield code="0">0</subfield>
    <subfield code="1">0</subfield>
    <subfield code="2">ddc</subfield>
    <subfield code="4">0</subfield>
    <subfield code="7">0</subfield>
    <subfield code="8">KHMERNF</subfield>
    <subfield code="a">002</subfield>
    <subfield code="b">002</subfield>
    <subfield code="c">SKB</subfield>
    <subfield code="d">2025-10-28</subfield>
    <subfield code="l">0</subfield>
    <subfield code="o">TOR 333.72</subfield>
    <subfield code="p">2025-4755</subfield>
    <subfield code="r">2025-10-28 09:33:40</subfield>
    <subfield code="t">6</subfield>
    <subfield code="w">2025-10-28</subfield>
    <subfield code="y">KHB</subfield>
  </datafield>
  <datafield tag="952" ind1=" " ind2=" ">
    <subfield code="0">0</subfield>
    <subfield code="1">0</subfield>
    <subfield code="2">ddc</subfield>
    <subfield code="4">0</subfield>
    <subfield code="7">0</subfield>
    <subfield code="8">KHMERNF</subfield>
    <subfield code="a">002</subfield>
    <subfield code="b">002</subfield>
    <subfield code="c">SKB</subfield>
    <subfield code="d">2025-11-27</subfield>
    <subfield code="l">0</subfield>
    <subfield code="o">TOR 333.72</subfield>
    <subfield code="p">2025-4941</subfield>
    <subfield code="r">2025-11-27 11:27:52</subfield>
    <subfield code="t">7</subfield>
    <subfield code="w">2025-11-27</subfield>
    <subfield code="y">KHB</subfield>
  </datafield>
</record>
